Todos los cuentos [de Antonio Pereira] /

保存先:
書誌詳細
第一著者: Pereira, Antonio (autor)
その他の著者: Gamoneda, Antonio (prólogo) (prólogo)
フォーマット: 図書
言語:スペイン語
出版事項: Madrid, España : Siruela, 2022, c2022
シリーズ:(Libros del Tiempo ; 412)
主題:
タグ: タグ追加
タグなし, このレコードへの初めてのタグを付けませんか!

MARC

LEADER 00000nam^a2200000^a^4500
001 000614777
005 20250815000000.0
008 110930 20112011
009 20260310133648.323
020 |a 978-84-19419-26-2 
037 |a Acervo ITESO - Biblioteca 
041 |a ESP 
082 |a 863.  |b PER 
100 |a Pereira, Antonio  |e (autor) 
245 1 0 |a Todos los cuentos [de Antonio Pereira] /  |c A. Pereira ; pról. de A. Gamoneda. 
264 4 |a Madrid, España :  |b Siruela,  |c 2022, c2022 
300 |a 892 p. 
336 |a texto  |b txt  |2 rdacontenido 
337 |a sin mediación  |b n  |2 rdamedio 
338 |a volumen  |b nc  |2 rdasoporte 
440 1 |a (Libros del Tiempo ;  |v 412) 
521 |a Librerías 2025 LCF 
649 |a XX 
650 |a Cuentos Españoles 
650 |a Literatura Española -  |y Siglo XX 
650 |a Literatura Española -  |y Siglo XXI 
700 |a Gamoneda, Antonio  |e (prólogo) 
910 |a Fondo General 
920 |a Impresos - Libros 
930 |a Colección General 
940 |a Literatura 
905 |a 101 
901 |a 614802-10  |b IT1  |c LIT  |i C189646  |u 20250815 
902 |a https://opac.biblio.iteso.mx/vufind/Record/000614777